Orlí hnízdo : román /

Hlavní autor: Tilschová, Anna Maria, 1873-1957
Jazyk: Čeština
Vydáno: Praha : Fr. Borový, 1942
Vydání: 1. vyd.
Edice: Tilschová, Anna Maria, 1873-1957. Spisy
Fyzický popis: 309, [ii] stran : obrazové přílohy ; 18 cm
Knihy
Uloženo v:
LEADER 01059nam a22003252i 4500
001 001576721
003 CZ BrMZK
005 20170516091552.0
007 ta
008 170516s1942 xr af er|||||||||||cze d
015 |a cnb000760069 
020 |q (Váz.) :  |c Kčs 10,00 
035 |a (OCoLC)78177154 
040 |a ABA001  |b cze  |c OSA001  |d ABA001  |e rda 
100 1 |a Tilschová, Anna Maria,  |d 1873-1957  |7 jk01132483  |4 aut 
245 1 0 |a Orlí hnízdo :  |b román /  |c Anna Maria Tilschová 
250 |a 1. vyd. 
264 1 |a Praha :  |b Fr. Borový,  |c 1942 
300 |a 309, [ii] stran :  |b obrazové přílohy ;  |c 18 cm 
336 |a text  |b txt  |2 rdacontent 
337 |a bez média  |b n  |2 rdamedia 
338 |a svazek  |b nc  |2 rdacarrier 
490 1 |a Spisy / Anna Maria Tilschová ;  |v [sv.] 11 
500 |a 1. až 3. tisíc 
800 1 |a Tilschová, Anna Maria,  |d 1873-1957.  |t Spisy  |0 s 
910 |a BOA001  |b 1-0122.534,11 
990 |a BK 
995 |a 01 
991 |b 201705 
996 6 |b 2619158258  |c 1-0122.534,11  |l MZK  |r Sklad / do 1 hodiny  |n 1  |w 001611842  |u 000010  |a 1  |e BOA001  |j MZK50  |s P